00390nam a2200157Ia 45000010006000000050017000060080041000230410008000640820017000721000040000892450050001292600009001793000028001886500008002166540008002241808720260306171605.0260306s9999||||xx |||||||||||||| ||und|| aESP a658.401bP26 aPardo Álvarez, José ManueleAUT 0aConfiguración y usos de un mapa de procesos c2018 a156 páginas :c24 cm. aGEN aCAN